| 000 | 00850nam a22002897a 4500 | ||
|---|---|---|---|
| 001 | 000358 | ||
| 003 | DO-SdBNP | ||
| 005 | 20171110113212.0 | ||
| 007 | 000358 | ||
| 008 | 160705b 2009 mx xxu||||| |||| 00| 0 spa d | ||
| 020 | _a9786071102980 | ||
| 040 |
_aBPMSU _bspa _cBPMSU |
||
| 082 | 4 |
_a616.99449 _bK67t |
|
| 100 | 1 | _a Knaul, Felicia Marie. | |
| 245 | 1 | 0 |
_aTómatelo a pecho / _cFelicia Marie Knaul. |
| 260 | 0 |
_aMéxico, D.F. : _bSantillana Aguilar, _c2009. |
|
| 300 |
_a367 p. : _bil. ; _c23 cm. |
||
| 490 | 1 | _aAguilar fontanar. | |
| 504 | _aBibliografía : p. 367 | ||
| 650 | 4 | _aENFERMEDADES DE LA MAMA | |
| 650 | 4 | _aNEOPLASMAS DE LA MAMA | |
| 830 | 0 | _pAguilar fontanar. | |
| 910 | _aValidado. Control de calidad MFF | ||
| 942 |
_2ddc _cBK |
||
| 945 | _aInventariado, 2017/MFF | ||
| 956 |
_2LOPEREZ _310 _620160705 _8BPMSU _a00041 |
||
| 999 |
_c10698 _d10698 |
||